000
00297nam a22001337a 4500
008
170529b xxu||||| |||| 00| 0 eng d
020
_a
0878572600
041
_a
eng
080
_a
621.36
100
_a
25
101
_a
im
245
_a
THE PASSIVE SOLAR ENERGY BOOK
_c
MAZRIA, E
942
_2
udc
_c
BK
999
_c
14875
_d
14875